Science Quiz

Random Science or Chemistry Quiz

Naming Polyatomic Ions Quiz Stats

 Plays Quiz Updated Oct 17, 2018

Score 0/44 Timer 07:00
94 Plays Today
Ionic Formula Ionic Name % Correct
ClO3-chlorate
88.4%
SO42-sulfate
84.1%
NO2-nitrite
84%
OH-hydroxide
83.8%
CO32-carbonate
74.9%
PO33-phosphite
73.6%
HCO3-bicarbonate
71.3%
O22-peroxide
63.6%
NH4+ammonium
62.9%
HSO3-bisulfite
62.2%
PO43-phosphate
58.4%
ClO2-chlorite
57.9%
ClO-hypochlorite
56.4%
HPO42-hydrogen phosphate
56.1%
CrO42-chromate
51.5%
SO32-sulfite
51%
CN-cyanide
50.9%
HSO4-bisulfate
50.4%
BrO2-bromite
47.7%
NO3-nitrate
47.1%
MnO4-permanganate
44.7%
C2H3O2-acetate
44.1%
Ionic Formula Ionic Name % Correct
Cr2O72-dichromate
40%
ClO4-perchlorate
39.5%
IO3-iodate
38%
BrO3-bromate
32.9%
IO4-periodate
31.7%
BO33-borate
29.6%
HS-hydrogen sulfide
27.8%
SeO32-selenite
27.7%
C2O42-oxalate
27.6%
AsO43-arsenate
26%
SeO42-selenate
25.5%
H2PO4-dihydrogen phosphate
24.6%
H3O+hydronium
22.9%
S2O32-thiosulfate
18%
O2-superoxide
17.4%
CNO-cyanate
15.2%
N3-azide
14.1%
CNS-thiocyanate
12.9%
P2O74-pyrophosphate
10.9%
MoO42-molybdate
9.8%
NH2-amide
9%
C4H4O62−tartrate
6.8%

You're not logged in!

Compare scores with friends on all Sporcle quizzes.
OR
Log In

Sporcle TV

Today on Sporcle TV


Watch our educational content, quiz creation guides, and fun videos on Sporcle TV.

Show Comments

Extras

Top Quizzes Today


Score Distribution

Your Account Isn't Verified!

In order to create a playlist on Sporcle, you need to verify the email address you used during registration. Go to your Sporcle Settings to finish the process.

Report this User

Report this user for behavior that violates our Community Guidelines.

Details: